000 00338nam a2200145Ia 4500
008 230605s1987 xx 000 0 und d
041 _aeng
100 _aDesrosier
245 _aTechnology of food preservation
260 _bC.B.S.Publication
_c1987
300 _a558p
520 _aGeneral
520 _aHard Board
650 _aF.Pro
999 _c419902
_d419902